Stress: Căn bệnh thời đại của phụ nữ

Spremljeno u:
Bibliografski detalji
Glavni autor: Nguyễn Huy Lâm
Format: Knjiga
Jezik:Undetermined
Izdano: Đồng Nai Đồng Nai 2002
Teme:
Oznake: Dodaj oznaku
Bez oznaka, Budi prvi tko označuje ovaj zapis!
Thư viện lưu trữ: Trung tâm Học liệu Trường Đại học Cần Thơ
LEADER 00542nam a2200181Ia 4500
001 CTU_54525
008 210402s9999 xx 000 0 und d
020 |b 14000 
082 |a 616.98 
082 |b L120 
100 |a Nguyễn Huy Lâm 
245 0 |a Stress: Căn bệnh thời đại của phụ nữ 
245 0 |c Nguyễn Huy Lâm 
260 |a Đồng Nai 
260 |b Đồng Nai 
260 |c 2002 
650 |a environmental induced diseases,stress in youth 
980 |a Trung tâm Học liệu Trường Đại học Cần Thơ